Tratado completo de clínica moderna, medicina, cirugía y especialidades / (Record no. 87035)

MARC details
000 -LEADER
campo de control de longitud fija 00679nam a2200181 i 4500
001 - NÚMERO DE CONTROL
campo de control 87035
003 - IDENTIFICADOR DE NÚMERO DE CONTROL
campo de control ES-MaACL
005 - FECHA Y HORA DE LA ÚLTIMA TRANSACCIÓN
campo de control 20230906175557.0
007 - CAMPO FIJO DE DESCRIPCIÓN FÍSICA--INFORMACIÓN GENERAL
campo de control de longitud fija t|
008 - DATOS DE LONGITUD FIJA--INFORMACIÓN GENERAL
campo de control de longitud fija 041217s19331940sp a |||| | spa d
100 1# - ENTRADA PRINCIPAL--NOMBRE DE PERSONA
Nombre de persona Klemperer, Georg.
9 (RLIN) 68245
245 10 - MENCIÓN DEL TÍTULO
Título Tratado completo de clínica moderna, medicina, cirugía y especialidades /
Mención de responsabilidad, etc. publicado bajo la dirección de Georg Klemperer y Félix Klemperer ; traducido del alemán por J. González-Campo de Cos.
260 ## - PUBLICACIÓN, DISTRIBUCIÓN, ETC.
Lugar de publicación, distribución, etc. Barcelona :
Nombre del editor, distribuidor, etc. Manuel Marín,
Fecha de publicación, distribución, etc. 1933-1940.
300 ## - DESCRIPCIÓN FÍSICA
Extensión 9 t. :
Otras características físicas il. ;
Dimensiones 24 cm.
700 1# - ENTRADA AGREGADA--NOMBRE PERSONAL
Nombre de persona González-Campo de Cos, José.
9 (RLIN) 58488
700 1# - ENTRADA AGREGADA--NOMBRE PERSONAL
Nombre de persona Klemperer, Félix.
9 (RLIN) 68244
852 ## - LOCALIZACIÓN
Ubicación ES-MaACL
Número de control de estantería C-22142-50
Holdings
Estatus retirado Estado de pérdida Estado de daño No para préstamo Biblioteca de origen Biblioteca actual Ubicación en estantería Fecha de adquisición Fuente de adquisición Total de préstamos Signatura topográfica completa Código de barras Visto por última vez Precio de reemplazo Tipo de ítem Koha
        Biblioteca del Ateneo de Madrid Biblioteca del Ateneo de Madrid Mesetón 17/01/2008     C-22142-50 1090937 23/02/2023 23/02/2023 Libro impreso